| 000 | 01431nam a2200253 a 4500 | ||
|---|---|---|---|
| 008 | 081027s1998 ||||||||||||||||| || u | ||
| 020 | _a8175810130 | ||
| 050 | _aPR 2664 Mar | ||
| 100 | _aMarlowe, Christopher | ||
| 245 | 1 | 4 |
_aThe tragic history of Doctor Faustus. (23rd edition) _cChristopher Marlowe |
| 250 | _a23rd edition | ||
| 260 |
_aNew Delhi: _bRama _c1998 |
||
| 300 | _a287 pages | ||
| 350 | _a48000.00 | ||
| 650 | _aMAGICIANS--DRAMA | ||
| 650 | _aGERMANY--DRAMA | ||
| 650 | _aDRAMA | ||
| 650 | _aFAUST, d. ca 1540--DRAMA | ||
| 995 |
_aANNEX COLLECTION (Main Library) _D48000.00 _e738854 _FCBU-MAIN LIBRARY (Kitwe) _H1 _I0.00 _jPR 2664 Mar _M5 _UAVAILABLE _WOct 27, 2008 _y738854 _ZAnnex Low-Usage Collection |
||
| 995 |
_aANNEX COLLECTION (Main Library) _D48000.00 _e738851 _FCBU-MAIN LIBRARY (Kitwe) _H1 _I0.00 _jPR 2664 Mar _M2 _UAVAILABLE _WOct 27, 2008 _y738851 _ZAnnex Low-Usage Collection |
||
| 995 |
_aANNEX COLLECTION (Main Library) _D48000.00 _e738850 _FCBU-MAIN LIBRARY (Kitwe) _H1 _I0.00 _jPR 2664 Mar _M1 _UAVAILABLE _WOct 27, 2008 _y738850 _ZAnnex Low-Usage Collection |
||
| 995 |
_aANNEX COLLECTION (Main Library) _D48000.00 _e738853 _FCBU-MAIN LIBRARY (Kitwe) _H1 _I0.00 _jPR 2664 Mar _M4 _UAVAILABLE _WOct 27, 2008 _y738853 _ZAnnex Low-Usage Collection |
||
| 995 |
_aANNEX COLLECTION (Main Library) _D48000.00 _e738852 _FCBU-MAIN LIBRARY (Kitwe) _H1 _I0.00 _jPR 2664 Mar _M3 _UAVAILABLE _WOct 27, 2008 _y738852 _ZAnnex Low-Usage Collection |
||
| 999 |
_c81395 _d81395 |
||